000 01021naa a22003017a 4500
001 BR7602780
003 BR-BrBNA
005 20240918173844.0
007 ta
008 230509b bl.||||| |||| 00| 0 por d
040 _aBR-BrBNA
_bpor
_cBiblioteca Nacional de Agricultura
041 _a(En, Pt)
072 _aE70
_b/G514
090 _aE70 BR7602780
100 1 _aVelloso, J.P. dos R.
245 1 _aDivida externa e substituicao importacoes. - External debit and import substitution [Brasil]
260 3 _aRio de Janeiro, RJ (Brasil):
_c1976.
500 _aIndice do Brasil 1976/77. - Brazilian index Rio de Janeiro, RJ (Brasil): 1976. p. 27-29 (BR7602780-AM)E70
650 _aComercializacao
650 _aImportacao
650 _aInsumo
650 _aBalanco de pagamento
650 _aDemanda
650 _aOferta
773 0 _tIndice do Brasil 1976/77. - Brazilian index
_wE70 BR7602780
_gRio de Janeiro, RJ (Brasil), 1976. p. 27-29
909 _a202404
_bLucia
_c55
_dLucia Elande
942 _cAM
_2AGRIS
999 _c307305
_d307305